[Event "October - 1500 - 1799"]
[Site "SchemingMind.com"]
[Date "2016.10.13"]
[Round "-"]
[White "David Hartley"]
[Black "Phillip Beckett"]
[Result "1-0"]
[WhiteCountry "ENG"]
[BlackCountry "ENG"]
[WhiteElo "1858"]
[WhiteRD "71"]
[BlackElo "1581"]
[BlackRD "59"]
[GameID "404766"]

1. e4 e5 2. Nf3 Nc6 3. c3 Nf6 4. d4 exd4 5. e5 Ne4 6. Qc2 d5 7. cxd4 Bb4+ 8. Bd2 O-O 9. Be2 Nxd2 10. Nbxd2 Bg4
11. O-O Bxd2 12. Qxd2 Qe7 13. a3 f6 14. exf6 Qxf6 15. Rad1 Rae8 16. Rfe1 Nd8 17. Qa5 Qb6 18. Qxd5+ Kh8 19. Qb5 Bxf3 20. Qxb6 axb6
21. Bxf3 c6 22. Rxe8 Rxe8 23. Kf1 Nf7 24. d5 cxd5 25. Rxd5 Rd8 26. Rb5 Rd6 27. Bxb7 Nd8 28. Bf3 h6 29. Rd5 Rxd5 30. Bxd5 g5
31. Ke2 Kg7 32. Kd3 Kf6 33. Kc4 Ke5 34. a4 Kd6 35. b4 Nc6 36. Bxc6 Kxc6 37. Kd4
1-0

[Event "October - 1500 - 1799"]
[Site "SchemingMind.com"]
[Date "2016.10.13"]
[Round "-"]
[White "Phillip Beckett"]
[Black "David Hartley"]
[Result "1/2-1/2"]
[WhiteCountry "ENG"]
[BlackCountry "ENG"]
[WhiteElo "1581"]
[WhiteRD "59"]
[BlackElo "1858"]
[BlackRD "71"]
[GameID "404767"]

1. e4 d5 2. exd5 Qxd5 3. Nc3 Qa5 4. Nf3 Nf6 5. Be2 Bg4 6. h3 Bh5 7. O-O e6 8. d3 Be7 9. Nd4 Bxe2 10. Qxe2 c6
11. Nb3 Qc7 12. Ne4 Nbd7 13. Nxf6+ Nxf6 14. Bg5 O-O 15. Nd4 Rfd8 16. Nf3 Nd5 17. Bxe7 Qxe7 18. Ne5 Nf6 19. f4 Nd7 20. Nxd7 Rxd7
21. Rae1 Qd8 22. Kh1 Kf8 23. Qe5 Qc7 24. Qxc7=
1/2-1/2

[Event "October - 1500 - 1799"]
[Site "SchemingMind.com"]
[Date "2016.10.13"]
[Round "-"]
[White "David Hartley"]
[Black "Scooter"]
[Result "1-0"]
[WhiteCountry "ENG"]
[BlackCountry "USA"]
[WhiteElo "1841"]
[WhiteRD "68"]
[BlackElo "1735"]
[BlackRD "56"]
[GameID "404873"]

1. e4 c6 2. d4 d5 3. Nc3 dxe4 4. Nxe4 Bf5 5. Ng3 Bg6 6. Nf3 Nd7 7. Bc4 e6 8. O-O Qc7 9. Nh4 Ngf6 10. Nxg6 hxg6
11. Be2 Be7 12. Qd3 O-O-O 13. Bf3 Ne5 14. Qd1 Nxf3+ 15. Qxf3 Nd5 16. Qxf7 Qd7 17. Qxg6
1-0

[Event "October - 1500 - 1799"]
[Site "SchemingMind.com"]
[Date "2016.10.13"]
[Round "-"]
[White "Scooter"]
[Black "David Hartley"]
[Result "1/2-1/2"]
[WhiteCountry "USA"]
[BlackCountry "ENG"]
[WhiteElo "1738"]
[WhiteRD "54"]
[BlackElo "1861"]
[BlackRD "73"]
[GameID "404874"]

1. d4 d5 2. Nf3 Nf6 3. Bf4 c5 4. e3 e6 5. Bb5+ Bd7 6. Bxd7+ Nbxd7 7. c3 Be7 8. O-O O-O 9. Nbd2 Rc8 10. Ne5 Nxe5
11. Bxe5 Bd6 12. Nf3 Ng4 13. Bxd6 Qxd6 14. h3 Nf6 15. b3 cxd4 16. cxd4 Rc7 17. Rc1 Rfc8 18. Qd2 Qd8 19. Rxc7 Qxc7 20. Ne5 Ne4
21. Qb2 Qc3 22. Qa3 Qc7 23. Qxa7 f6 24. Nd3 Qd7 25. Rc1 Rxc1+ 26. Nxc1 Qb5 27. Qb8+ Kf7 28. Qc7+ Kg6 29. Qf4 Qb4 30. Qg4+ Kf7
31. Qe2 Qa3 32. Nd3 g6 33. f3 Nc3 34. Qc2 Nxa2 35. Qc7+ Qe7 36. Qb6 g5 37. Qa5 Qd7 38. Qxa2 Qb5 39. Nc5 Qb4 40. Kf2 e5
41. Qa7 Qd2+ 42. Kg3 Qxe3 43. Qxb7+ Kg6 44. Qxd5 Qf4+ 45. Kf2 Qd2+ 46. Kg1 Qc1+ 47. Kh2=
1/2-1/2

[Event "October - 1500 - 1799"]
[Site "SchemingMind.com"]
[Date "2016.10.10"]
[Round "-"]
[White "Phillip Beckett"]
[Black "Scooter"]
[Result "0-1"]
[WhiteCountry "ENG"]
[BlackCountry "USA"]
[WhiteElo "1571"]
[WhiteRD "55"]
[BlackElo "1735"]
[BlackRD "56"]
[GameID "404875"]

1. d4 d5 2. e3 Nf6 3. Bd3 g6 4. Nd2 Bg7 5. c3 O-O 6. Ngf3 Bg4 7. O-O Nbd7 8. Qe1 Bxf3 9. Nxf3 Re8 10. e4 dxe4
11. Bxe4 Nxe4 12. Qxe4 c6 13. Bg5 Bf6 14. Bxf6 Nxf6 15. Qc2 Qb6 16. Rae1 e6 17. Ne5 Red8 18. Kh1 Nd7 19. Nxd7 Rxd7 20. Re3 Qb5
21. Rfe1 c5 22. dxc5 Qxc5 23. Re5 Rd5 24. Rxd5 Qxd5 25. c4 Qa5 26. Ra1 Rd8 27. Rd1 Rxd1+ 28. Qxd1 Qxa2 29. Qd8+ Kg7 30. Qd4+ f6
31. Qd7+ Kh6 32. Qd2+ g5 33. h4 Qxc4 34. hxg5+ fxg5 35. Qe3 a5 36. Qh3+ Qh4 37. Qxh4+ gxh4 38. Kh2 Kg5 39. Kh3 b5
0-1

[Event "October - 1500 - 1799"]
[Site "SchemingMind.com"]
[Date "2016.10.10"]
[Round "-"]
[White "Scooter"]
[Black "Phillip Beckett"]
[Result "0-1"]
[WhiteCountry "USA"]
[BlackCountry "ENG"]
[WhiteElo "1735"]
[WhiteRD "56"]
[BlackElo "1571"]
[BlackRD "55"]
[GameID "404876"]

1. d4 d5 2. Nf3 Nf6 3. Bf4 e6 4. e3 c5 5. Bb5+ Bd7 6. Bxd7+ Nbxd7 7. c3 Qb6 8. Qb3 c4 9. Qxb6 axb6 10. O-O b5
11. Nbd2 Nb6 12. Bc7 Na4 13. h3 Nxb2 14. Rfb1 Ba3 15. Ne1 Kd7 16. Nc2 Nd3 17. Nxa3 Rxa3 18. Bg3 Kc6 19. Be5 Rha8 20. Bxf6 gxf6
21. e4 Rxa2 22. Rxa2 Rxa2 23. Rd1 b4 24. cxb4 Nxb4 25. exd5+ exd5 26. Nb1 Ra1 27. Nc3 Rxd1+ 28. Nxd1 Na2 29. Kf1 c3 30. Ne3 Nb4
31. Ke2 c2 32. Kd2 Kb5 33. f4 Ka4 34. Kc1 Kb3
0-1

[Event "October - 1500 - 1799"]
[Site "SchemingMind.com"]
[Date "2016.10.14"]
[Round "-"]
[White "David Hartley"]
[Black "Erik Johnson"]
[Result "1-0"]
[WhiteCountry "ENG"]
[BlackCountry "USA"]
[WhiteElo "1806"]
[WhiteRD "75"]
[BlackElo "1706"]
[BlackRD "69"]
[GameID "405081"]

1. e4 d5 2. exd5 Qxd5 3. Nc3 Qa5 4. d4 c6 5. Bc4 b5 6. Bb3 Bf5 7. Nf3 Bg4 8. O-O Nf6 9. Qd3 Nbd7 10. Bd2 Qc7
11. Rfe1 e6 12. h3 Bh5 13. Ne4 Bg6 14. Nxf6+ Nxf6 15. Qf1 Bd6 16. c3 O-O 17. Rac1 a5 18. a3 a4 19. Bd1 c5 20. Qxb5 cxd4
21. cxd4 Qa7 22. Be3 Nd5 23. Ne5 Bxe5 24. dxe5 Qa5 25. Qxa5 Rxa5 26. Bd4 Rb8 27. Rc4 Rba8 28. Be2 Rb8 29. Rec1 h6 30. Rc8+ Rxc8
31. Rxc8+ Kh7 32. Rc4 f6 33. Bd1 Be8 34. exf6 gxf6 35. Kf1 Bb5 36. Be2 Bxc4 37. Bxc4 f5 38. g3 Kg6 39. Ke2 Ra8 40. Kd3 Rb8
41. Bxd5 exd5 42. Kd2 Rc8 43. Bc3 h5 44. h4 Rc4 45. Kd3 Rg4 46. Be5 Kf7 47. Bf4 Ke6 48. Kc3 Rg8 49. Kb4 Rb8+ 50. Bxb8
1-0

[Event "October - 1500 - 1799"]
[Site "SchemingMind.com"]
[Date "2016.10.14"]
[Round "-"]
[White "Erik Johnson"]
[Black "David Hartley"]
[Result "0-1"]
[WhiteCountry "USA"]
[BlackCountry "ENG"]
[WhiteElo "1656"]
[WhiteRD "71"]
[BlackElo "1858"]
[BlackRD "71"]
[GameID "405082"]

1. e4 e5 2. Nf3 Nc6 3. Bb5 a6 4. Ba4 Nf6 5. d3 d6 6. Bg5 Be7 7. Be3 O-O 8. Nbd2 Be6 9. Bb3 Bxb3 10. Nxb3 Qd7
11. Qe2 Rfd8 12. O-O-O d5 13. exd5 Nxd5 14. Bd2 f6 15. h4 b5 16. h5 Nf4 17. Qf1 a5 18. Bxf4 exf4 19. Rh4 a4 20. Nbd2 Qe6
21. Kb1 Nb4 22. b3 axb3 23. cxb3 Rxa2 24. Rxf4 Rda8 25. Rxb4 Bxb4 26. Nc4 Ra1+ 27. Kc2 R8a2+ 28. Nb2 Qc6#
0-1

[Event "October - 1500 - 1799"]
[Site "SchemingMind.com"]
[Date "2016.10.14"]
[Round "-"]
[White "Erik Johnson"]
[Black "Phillip Beckett"]
[Result "1-0"]
[WhiteCountry "USA"]
[BlackCountry "ENG"]
[WhiteElo "1649"]
[WhiteRD "69"]
[BlackElo "1571"]
[BlackRD "55"]
[GameID "405083"]

1. e4 e5 2. Nf3 Nc6 3. Bb5 a6 4. Ba4 Nf6 5. d3 b5 6. Bb3 Be7 7. Nc3 d6 8. Nd5 Nxd5 9. Bxd5 Bb7 10. a4 Na5
11. Bxb7 Nxb7 12. axb5 axb5 13. Be3 c5 14. O-O O-O 15. Nd2 Rxa1 16. Qxa1 Qa8 17. f4 Bf6 18. f5 Rb8 19. g4 Na5 20. g5 Bd8
21. h4 Nc6 22. h5 Bb6 23. h6 gxh6 24. gxh6 Ne7 25. Qe1 Kh8 26. Qh4 Ng8 27. Qg5
1-0

[Event "October - 1500 - 1799"]
[Site "SchemingMind.com"]
[Date "2016.10.14"]
[Round "-"]
[White "Phillip Beckett"]
[Black "Erik Johnson"]
[Result "1/2-1/2"]
[WhiteCountry "ENG"]
[BlackCountry "USA"]
[WhiteElo "1581"]
[WhiteRD "59"]
[BlackElo "1656"]
[BlackRD "71"]
[GameID "405084"]

1. d4 Nf6 2. e3 g6 3. Bd3 Bg7 4. Nd2 O-O 5. Ngf3 d5 6. O-O Bg4 7. c3 Nc6 8. e4 dxe4 9. Nxe4 Nxe4 10. Bxe4 f5
11. Bd3 Qd5 12. Be2 Rae8 13. h3 Bh5 14. Be3 e5 15. dxe5 Qxd1 16. Raxd1 Nxe5 17. g4 fxg4 18. Nxe5 Rxe5 19. hxg4 Bxg4 20. Bxg4 h5
21. Bh3 g5 22. Bd4 Re2 23. Rde1 Rxb2 24. Bxg7 Kxg7 25. Re7+ Rf7 26. Rfe1 g4 27. Rxf7+ Kxf7 28. Bg2 b6 29. Rd1 Ke7 30. a4 Ra2
31. Bc6 h4 32. Rd7+ Ke6 33. Rh7 h3 34. Bd7+ Kd6 35. Bxg4 Rxa4 36. Bxh3 Rc4 37. Rh6+ Kc5 38. Bd7 Rxc3 39. Rc6+ Kd4 40. Rxc3 Kxc3
41. f4 Kd4 42. f5 Ke5 43. Kf2 c5 44. Ke3 a5 45. Kd3 b5 46. Kc3 Kf6 47. Kb3 c4+ 48. Kc3 Ke5 49. Bxb5 Kxf5 50. Bxc4=
1/2-1/2

[Event "October - 1500 - 1799"]
[Site "SchemingMind.com"]
[Date "2016.10.14"]
[Round "-"]
[White "Erik Johnson"]
[Black "Scooter"]
[Result "1-0"]
[WhiteCountry "USA"]
[BlackCountry "USA"]
[WhiteElo "1649"]
[WhiteRD "69"]
[BlackElo "1735"]
[BlackRD "56"]
[GameID "405085"]

1. e4 c6 2. d4 d5 3. Nc3 dxe4 4. Bc4 Nf6 5. f3 exf3 6. Nxf3 Bg4 7. O-O e6 8. Qd3 Bxf3 9. Rxf3 Be7 10. Bd2 O-O
11. Raf1 Nbd7 12. Rg3 Nh5 13. Rh3 g6 14. Bh6 Re8 15. Rxh5 gxh5 16. Qg3+ Bg5 17. Bxg5
1-0

[Event "October - 1500 - 1799"]
[Site "SchemingMind.com"]
[Date "2016.10.16"]
[Round "-"]
[White "Scooter"]
[Black "Erik Johnson"]
[Result "1-0"]
[WhiteCountry "USA"]
[BlackCountry "USA"]
[WhiteElo "1735"]
[WhiteRD "56"]
[BlackElo "1649"]
[BlackRD "69"]
[GameID "405086"]

1. d4 Nf6 2. Nf3 g6 3. Bf4 Bg7 4. e3 Nh5 5. Bd3 Nxf4 6. exf4 Nc6 7. c3 d6 8. O-O Bg4 9. Nbd2 O-O 10. h3 Bd7
11. Re1 Qc8 12. d5 Nb8 13. Rxe7 Bxh3 14. gxh3 Qxh3 15. Bf1 Qg4+ 16. Bg2 Qxf4 17. Rxc7 b6 18. Rc4 Qf5 19. Qe2 Be5 20. Nxe5 dxe5
21. Re1 Nd7 22. Ne4 h5 23. d6 Rfc8 24. Ng3 Qe6 25. Bxa8 Rxc4 26. Qf3 Qxd6 27. Bd5 Rf4 28. Qd3 Qf6 29. Ne4 Rg4+ 30. Kf1 Qh4
31. Bxf7+ Kxf7 32. Qxd7+ Kf8 33. Qd6+ Kf7 34. Ng3 Qh3+ 35. Ke2 Rg5 36. Qc7+ Ke6 37. Qc8+
1-0

[Event "October - 1500 - 1799"]
[Site "SchemingMind.com"]
[Date "2016.10.19"]
[Round "-"]
[White "David Hartley"]
[Black "kenneth m day"]
[Result "1-0"]
[WhiteCountry "ENG"]
[BlackCountry "USA"]
[WhiteElo "1824"]
[WhiteRD "82"]
[BlackElo "1678"]
[BlackRD "55"]
[GameID "405122"]

1. e4 e5 2. Nf3 Nc6 3. Bb5 f5 4. Nc3 fxe4 5. Nxe4 Nf6 6. Nxf6+ gxf6 7. d4 Bg7 8. dxe5 Qe7 9. Bxc6 dxc6 10. O-O O-O
11. Re1 Bg4 12. e6 Rad8 13. Qe2 Rd6 14. Bf4 Rxe6 15. Qc4 Kh8 16. Rxe6 Qxe6 17. Qxe6 Bxe6 18. Bxc7 Rf7 19. Ba5 b6 20. Bc3 Bd5
21. Nd2 Re7 22. Kf1 Kg8 23. a3 c5 24. g3 Kf7 25. Re1 Be6 26. Nf3 Bc4+ 27. Kg1 Rd7 28. Nd2 Ba6 29. Nf1 Bb7 30. Ne3 Bf3
31. h4 Kg6 32. b3 Bh6 33. b4 Re7 34. bxc5 bxc5 35. Ba5 Rb7 36. Nc4 Rd7 37. Ne3 Rb7 38. Nc4 Bg7 39. Nd2 Bd5 40. Rb1 Rxb1+
41. Nxb1 f5 42. c3 Be4 43. Nd2 Bd3 44. f3 h6 45. Kf2 Bf8 46. Ke3 c4 47. Kd4 Bxa3 48. Nxc4 Bxc4 49. Kxc4 Bd6 50. Kb5 Bxg3
51. Bd8 Kf7 52. h5 Ke6 53. Kc6 Bd6 54. c4 Bf4 55. c5 Be3 56. Bc7 f4 57. Bd6 Bd2 58. Bf8 a5 59. Kb6 a4 60. c6 Be3+
61. Kb7
1-0

[Event "October - 1500 - 1799"]
[Site "SchemingMind.com"]
[Date "2016.10.19"]
[Round "-"]
[White "kenneth m day"]
[Black "David Hartley"]
[Result "1-0"]
[WhiteCountry "USA"]
[BlackCountry "ENG"]
[WhiteElo "1750"]
[WhiteRD "57"]
[BlackElo "1861"]
[BlackRD "73"]
[GameID "405123"]

1. e4 e5 2. Nf3 Nc6 3. c3 Nf6 4. d4 exd4 5. e5 Ne4 6. Qe2 f5 7. exf6 d5 8. Nbd2 Qxf6 9. Nxe4 dxe4 10. Qxe4+ Qe7
11. Bd3 dxc3 12. bxc3 Qxe4+ 13. Bxe4 Bd7 14. Bg5 Na5 15. Rd1 h6 16. Bf4 O-O-O 17. Ne5 Be8 18. Bf5+
1-0

[Event "October - 1500 - 1799"]
[Site "SchemingMind.com"]
[Date "2016.10.16"]
[Round "-"]
[White "Erik Johnson"]
[Black "kenneth m day"]
[Result "1/2-1/2"]
[WhiteCountry "USA"]
[BlackCountry "USA"]
[WhiteElo "1674"]
[WhiteRD "67"]
[BlackElo "1750"]
[BlackRD "57"]
[GameID "405124"]

1. e4 e5 2. Nf3 Nc6 3. Bb5 f5 4. Nc3 Nf6 5. exf5 d6 6. d4 Bd7 7. dxe5 dxe5 8. O-O Bd6 9. Re1 O-O 10. Bg5 a6
11. Bxc6 Bxc6 12. Nxe5 Bxe5 13. Rxe5 Qxd1+ 14. Rxd1 Ng4 15. Re7 Rxf5 16. Be3 Nxe3 17. Rxe3 Raf8 18. Rd2 Rg5 19. g3 h5 20. h4 Rgf5
21. Re7 R5f7 22. Rxf7 Rxf7 23. f4 Bf3 24. Kf2 Bg4 25. Nd5 c6 26. Ne3 Be6 27. a3 Kh7 28. b4 Rd7 29. Rxd7 Bxd7 30. Nc4 g6
31. Ne5 Be8 32. c4 Kg7 33. c5 Kf6 34. Ke3 Kf5 35. Kf3 Ke6 36. Ke4 Kf6 37. Kf3=
1/2-1/2

[Event "October - 1500 - 1799"]
[Site "SchemingMind.com"]
[Date "2016.10.16"]
[Round "-"]
[White "kenneth m day"]
[Black "Erik Johnson"]
[Result "0-1"]
[WhiteCountry "USA"]
[BlackCountry "USA"]
[WhiteElo "1750"]
[WhiteRD "57"]
[BlackElo "1674"]
[BlackRD "67"]
[GameID "405125"]

1. e4 d5 2. exd5 Qxd5 3. Nc3 Qa5 4. d4 c6 5. Nf3 Bg4 6. Bc4 b5 7. Bxf7+ Kd8 8. O-O b4 9. Ne2 Bxf3 10. gxf3 Qf5
11. Bc4 Qxf3 12. Qd3 Qg4+ 13. Qg3 Nf6 14. Bf4 Nbd7 15. Bc7+ Ke8 16. Rad1 Qxg3+ 17. fxg3 Rc8 18. Ba5 c5 19. dxc5 Rxc5 20. Bxb4 Rxc4
21. Bc3 Re4 22. Nf4 g5 23. Nd3 h5 24. Rf5 Re2 25. Nb4 h4 26. Rf2 Rxf2 27. Kxf2 hxg3+ 28. Kxg3 Ne4+ 29. Kg4 Rxh2 30. Bd4 a5
31. Na6 Rxc2 32. Kf5 Ndf6 33. Kg6 g4 34. Bb6 Nd6 35. Bd4 g3 36. Be5 g2
0-1

[Event "October - 1500 - 1799"]
[Site "SchemingMind.com"]
[Date "2016.10.15"]
[Round "-"]
[White "Phillip Beckett"]
[Black "kenneth m day"]
[Result "0-1"]
[WhiteCountry "ENG"]
[BlackCountry "USA"]
[WhiteElo "1581"]
[WhiteRD "59"]
[BlackElo "1705"]
[BlackRD "56"]
[GameID "405126"]

1. e4 e5 2. Nf3 Nc6 3. Bb5 f5 4. Bxc6 dxc6 5. Nxe5 Nf6 6. O-O Bd6 7. d4 O-O 8. c3 fxe4 9. Nd2 Bf5 10. Qe2 Qe7
11. f4 c5 12. dxc5 Bxe5 13. fxe5 Qxe5 14. Qc4+ Kh8 15. c6 b6 16. Re1 Ng4 17. g3 Rae8 18. Nf3 Qf6 19. Nd4 Be6 20. Nxe6 Qf2+
0-1

[Event "October - 1500 - 1799"]
[Site "SchemingMind.com"]
[Date "2016.10.16"]
[Round "-"]
[White "kenneth m day"]
[Black "Phillip Beckett"]
[Result "1/2-1/2"]
[WhiteCountry "USA"]
[BlackCountry "ENG"]
[WhiteElo "1711"]
[WhiteRD "58"]
[BlackElo "1577"]
[BlackRD "64"]
[GameID "405127"]

1. e4 e5 2. f4 Qh4+ 3. g3 Qe7 4. Nf3 exf4 5. Qe2 fxg3 6. hxg3 d6 7. Nc3 Nf6 8. d4 Nc6 9. Bg5 h6 10. Bxf6 Qxf6
11. O-O-O Bg4 12. Bg2 Bxf3 13. Qxf3 Qxf3 14. Bxf3 O-O-O 15. Nd5 Ne7 16. Bg4+ Kb8 17. Ne3 Nc6 18. Rd3 Be7 19. c3 Rhe8 20. Re1 Bg5
21. Bf3 Ne7 22. Kc2 Ng6 23. Nf5 Bf6 24. b3 Ne7 25. Nxe7 Rxe7 26. Red1 g6 27. e5 dxe5 28. dxe5 Rxd3 29. Rxd3 Rxe5 30. Rd7 Kc8
31. Rxf7 Bg5 32. Rg7 Re3 33. Bg4+ Kd8 34. Rd7+ Ke8 35. Rxc7 Re7 36. Rc8+ Kf7 37. a3 Re3 38. Rc7+ Kf6 39. Rxb7 Rxg3 40. Be2 Rg2
41. Kd3 Rg3+ 42. Kc4 Re3 43. Bd3 Re7 44. Rxe7 Kxe7 45. Bxg6 Kd6 46. Kb5 Kc7 47. c4 Kb7 48. c5 Be3 49. b4 Bc1 50. a4 Bd2
51. c6+ Kc7 52. Be8 a6+ 53. Kc5 Be3+ 54. Kd5 Bd2 55. Kc5 Be3+ 56. Kd5 Bd2 57. b5 axb5 58. axb5 Be3= 59. Kc4 Bb6 60. Kd5 Be3
61. Kc4= Kb6 62. Kd5 Bf4 63. Bd7 Bc7 64. Kc4= h5 65. Kb4 h4 66. Kc4 Bd6 67. Kd5 Bc7 68. Kc4 Bd6 69. Kd5 Bc7 70. Kc4
1/2-1/2

[Event "October - 1500 - 1799"]
[Site "SchemingMind.com"]
[Date "2016.10.15"]
[Round "-"]
[White "Scooter"]
[Black "kenneth m day"]
[Result "1-0"]
[WhiteCountry "USA"]
[BlackCountry "USA"]
[WhiteElo "1717"]
[WhiteRD "54"]
[BlackElo "1711"]
[BlackRD "58"]
[GameID "405128"]

1. d4 Nf6 2. Nf3 d6 3. Bf4 g6 4. e3 Bg7 5. Be2 O-O 6. O-O Nbd7 7. Nbd2 b6 8. Rc1 Bb7 9. h3 Rc8 10. c4 c5
11. d5 Nh5 12. Bh2 Bxb2 13. Rb1 Bg7 14. a4 Qc7 15. Qb3 Nhf6 16. a5 Ba6 17. axb6 axb6 18. Bd3 e6 19. dxe6 fxe6 20. Ng5 Rce8
21. Nde4 Nxe4 22. Nxe4 e5 23. Nc3 Rb8 24. Nd5 Qd8 25. e4 Bh6 26. Qa4 Bb7 27. Qc2 Ba8 28. Rb2 Nf6 29. Rfb1 Nxd5 30. cxd5 Rf7
31. f3 Qg5 32. Rxb6 Rxb6 33. Rxb6 Qe3+ 34. Kf1 Ra7 35. Ra6 Rxa6 36. Bxa6 Qa3 37. Qe2 Be3 38. Bg3 Bd4 39. Bh4 Qa1+ 40. Be1 Bc3
41. Bc4 Bb7 42. Kf2 Bd4+ 43. Kg3 Qa8 44. Bd2 Qd8 45. Bh6 Qf6 46. h4 g5 47. Bxg5 Qg6 48. Kh2 h6 49. Be3 Qh5 50. g3 Kh7
51. Bxd4 cxd4 52. Bb5 Qf7 53. g4 Qf4+ 54. Kg2 Qc1 55. Bd7 Qa1 56. Bf5+ Kg7 57. Qb5 Ba6 58. Qd7+ Kg8 59. Be6+
1-0

[Event "October - 1500 - 1799"]
[Site "SchemingMind.com"]
[Date "2016.10.15"]
[Round "-"]
[White "kenneth m day"]
[Black "Scooter"]
[Result "0-1"]
[WhiteCountry "USA"]
[BlackCountry "USA"]
[WhiteElo "1711"]
[WhiteRD "58"]
[BlackElo "1717"]
[BlackRD "54"]
[GameID "405129"]

1. e4 c6 2. c4 d5 3. cxd5 cxd5 4. exd5 Qxd5 5. Nc3 Qd8 6. d4 Nf6 7. Bc4 g6 8. Bg5 Bg7 9. Nf3 O-O 10. Qd3 Bf5
11. Qd2 Nbd7 12. Bd3 Bxd3 13. Qxd3 Qc7 14. O-O Rfd8 15. Rac1 Qb6 16. b3 Rac8 17. Rfe1 h6 18. Bh4 e6 19. Qe3 g5 20. Bg3 Nh5
21. Ne2 Nxg3 22. Nxg3 Rxc1 23. Rxc1 Nb8 24. Nh5 Bxd4 25. Nxd4 Qxd4 26. Qe2 Nc6 27. h3 Qd2 28. Rc2 Qxe2 29. Rxe2 Nd4 30. Re3 Nf5
31. Re2 b5 32. Nf6+ Kg7 33. Ne4 Nd4 34. Re3 Nf5 35. Re2 Rd5 36. Nc3 Rc5 37. Ne4 Nd4 38. Rd2 Rd5 39. Nc3 Rd6 40. Ne4 Rd5
41. Nc3 Rd6 42. Ne4 Rd8 43. Kf1 Kf8 44. Nc5 Nc6 45. Rc2 Nb4 46. Rc1 Nxa2 47. Rc2 Nb4 48. Rc1 Nd3 49. Nxd3 Rxd3 50. Rc8+ Ke7
51. Rc7+ Rd7 52. Rc5 a6 53. Rc6 Rd3 54. Rxa6 Rxb3 55. Ke2 b4 56. Rb6 Rb2+ 57. Ke3 b3 58. g3 Rb1 59. Kd3 b2 60. Kc2 Rf1
61. Rxb2 Rxf2+ 62. Kc3 Rxb2 63. Kxb2 Kd6 64. Kc3 f5 65. Kd4 e5+ 66. Kd3 Kd5
0-1

[Event "October - 1500 - 1799"]
[Site "SchemingMind.com"]
[Date "2016.10.24"]
[Round "-"]
[White "Mitch The Man"]
[Black "David Hartley"]
[Result "1-0"]
[WhiteCountry "USA"]
[BlackCountry "ENG"]
[WhiteElo "1424"]
[WhiteRD "62"]
[BlackElo "1806"]
[BlackRD "75"]
[GameID "405341"]

1. e4 e5 2. Nf3 Nc6 3. Bc4 Bc5 4. O-O Nf6 5. d3 d6 6. h3 O-O 7. Ng5 Qe7 8. c3 h6 9. Nxf7 Rxf7 10. Bxf7+ Qxf7
11. b4 Bb6 12. Qe2 Qg6 13. Kh2 Ne7 14. Be3 Bxe3 15. fxe3 Be6 16. Nd2 Rf8 17. Rf2 Nh7 18. Rxf8+ Nxf8 19. Rg1 Qe8 20. c4 Qa4
21. Nb1 Qxb4 22. Qc2 Qc5 23. Qd2 Qc6 24. Rf1 Nh7 25. Na3 a6 26. Rb1 b6 27. Qf2 Ng6 28. Qg3 Qd7 29. Qxg6 Qe7 30. Rf1 Nf8
31. Qh5 Bf7 32. Qg4 d5 33. Nc2 dxc4 34. dxc4 Bxc4 35. Ra1 Qf7 36. Qf5 Qe8 37. Ne1 Nd7 38. a3 a5 39. Rc1 Be6 40. Qf3 Nc5
41. Rc2 Bd7 42. Rc3 Bc6 43. Qf1 Nxe4 44. Rc2 Nf6 45. Qc4+ Bd5 46. Qxc7 Ne4 47. Qxb6 a4 48. Qa6 Qf7 49. Rc8+ Kh7 50. Nf3 Be6
51. Rc6 Bxh3 52. Nxe5 Qf2 53. Rxh6+ gxh6 54. Qg6+
1-0

[Event "October - 1500 - 1799"]
[Site "SchemingMind.com"]
[Date "2016.10.24"]
[Round "-"]
[White "David Hartley"]
[Black "Mitch The Man"]
[Result "1-0"]
[WhiteCountry "ENG"]
[BlackCountry "USA"]
[WhiteElo "1806"]
[WhiteRD "75"]
[BlackElo "1424"]
[BlackRD "62"]
[GameID "405342"]

1. e4 e5 2. Nf3 d6 3. d4 Qe7 4. Bc4 h6 5. O-O Be6 6. d5 Bd7 7. Bd3 Nf6 8. Nc3 Qd8 9. Nb1 Be7 10. c4 O-O
11. Nc3 a6 12. h3 c6 13. b3 c5 14. Be3 Qa5 15. Bd2 Qc7 16. Ne1 Kh7 17. f4 g6 18. fxe5 dxe5 19. Nf3 Nh5 20. Be1 Bd6
21. Ne2 b6 22. Bd2 Re8 23. Nc3 Nf4 24. Bc2 Nxh3+ 25. gxh3 Bxh3 26. Rf2 Qd7 27. Nh2 Qe7 28. Qf3 Bd7 29. Qxf7+ Kh8 30. Raf1 Bf5
31. Qxe7 Bxe7 32. exf5 g5 33. f6 Bf8 34. Bf5 Ra7 35. f7 Rxf7 36. Be6 Rxf2 37. Rxf2 Bd6 38. Ne4 Be7 39. Ng4 Rf8 40. Nxh6 Rxf2
41. Kxf2 a5 42. Bxg5
1-0

[Event "October - 1500 - 1799"]
[Site "SchemingMind.com"]
[Date "2016.10.19"]
[Round "-"]
[White "Mitch The Man"]
[Black "Erik Johnson"]
[Result "0-1"]
[WhiteCountry "USA"]
[BlackCountry "USA"]
[WhiteElo "1547"]
[WhiteRD "63"]
[BlackElo "1649"]
[BlackRD "69"]
[GameID "405343"]

1. e4 d5 2. e5 Bf5 3. d4 e6 4. Be2 c5 5. Bf3 cxd4 6. Bg4 Bg6 7. Na3 Bb4+ 8. Bd2 Bc5 9. b4 Bb6 10. Ne2 Nd7
11. Nb5 Bc7 12. Nxc7+ Qxc7 13. Nxd4 Nxe5 14. O-O Nxg4 15. Rc1 Qxh2#
0-1

[Event "October - 1500 - 1799"]
[Site "SchemingMind.com"]
[Date "2016.10.19"]
[Round "-"]
[White "Erik Johnson"]
[Black "Mitch The Man"]
[Result "1-0"]
[WhiteCountry "USA"]
[BlackCountry "USA"]
[WhiteElo "1656"]
[WhiteRD "71"]
[BlackElo "1489"]
[BlackRD "63"]
[GameID "405344"]

1. e4 e5 2. Nf3 d6 3. Bc4 h6 4. Nc3 c6 5. d4 Qe7 6. dxe5 dxe5 7. Be3 Be6 8. Nxe5 Bxc4 9. Nxc4 Qe6 10. Na5 b6
11. Nb3 c5 12. Qd5 Qxd5 13. exd5 Bd6 14. Rd1 a6 15. Ne4 Be5 16. c3 Nd7 17. f4 Bc7 18. d6 Bd8 19. O-O f5 20. Ned2 Ngf6
21. Rfe1 O-O 22. Nf3 Ng4 23. Bc1 Kh7 24. h3 Bf6 25. hxg4 fxg4 26. Nh2 h5 27. f5 Rac8 28. Bf4 Rf7 29. Re6 Rd8 30. g3 a5
31. Nf1 a4 32. Nc1 c4 33. Ne3 Kg8 34. Nd5 Nc5 35. Nxf6+ gxf6 36. Re7 Nd7 37. Rxf7 Kxf7 38. Kf2 Nc5 39. Ne2 Ne4+ 40. Ke3 Nc5
41. Kd4 Nd3 42. Kxc4 Nxf4 43. Nxf4 Rd7 44. Nxh5
1-0

[Event "October - 1500 - 1799"]
[Site "SchemingMind.com"]
[Date "2016.10.19"]
[Round "-"]
[White "Mitch The Man"]
[Black "Phillip Beckett"]
[Result "0-1"]
[WhiteCountry "USA"]
[BlackCountry "ENG"]
[WhiteElo "1489"]
[WhiteRD "63"]
[BlackElo "1581"]
[BlackRD "59"]
[GameID "405345"]

1. e4 e5 2. Nf3 Nc6 3. c3 Nf6 4. Bd3 Be7 5. O-O O-O 6. h3 d6 7. Bc2 h6 8. d3 Nh7 9. a4 Ng5 10. Bxg5 Bxg5
11. Nxg5 Qxg5 12. Qf3 f5 13. Bb3+ Kh7 14. Qe3 f4 15. Qf3 Rf6 16. Kh2 Rg6 17. Rg1 Be6 18. Bxe6 Rxe6 19. Nd2 Qe7 20. g3 Rf8
21. g4 Qh4 22. b4 Ne7 23. Rg2 Qf6 24. Rag1 Ng6 25. Qd1 Nh4 26. g5 hxg5 27. Qh5+ Qh6 28. Qxh6+ gxh6 29. f3 Nxg2 30. Rxg2 Rg6
31. Kg1 Rfg8 32. Kf2 h5 33. c4 g4 34. hxg4 hxg4 35. fxg4 Rxg4 36. Rh2+ Kg6 37. Nf3 Kf7 38. Rh7+ R8g7 39. Rxg7+ Rxg7 40. Nh4 Kf6
41. Nf5 Rh7 42. Ke1 Rh2 43. Kd1 Ra2 44. a5 Rb2 45. b5 Ra2 46. Nh6 Rxa5 47. Ng8+ Kf7 48. Nh6+ Kg6 49. Nf5 a6 50. Ne7+ Kf7
51. Nd5 axb5 52. Nxc7 bxc4 53. dxc4 Rc5 54. Nd5 Rxc4
0-1